| 000 | 01453nam a22003617a 4500 | ||
|---|---|---|---|
| 001 | BR8601046 | ||
| 003 | BR-BrBNA | ||
| 005 | 20230928092237.0 | ||
| 007 | ta | ||
| 008 | 230509b bl.||||| |||| 00| 0 por d | ||
| 040 |
_aBR-BrBNA _bpor _cBiblioteca Nacional de Agricultura |
||
| 041 | _a(Por) | ||
| 072 |
_aE21; S01 _b9000 _b/G514 |
||
| 090 | _ 9000 BR8601046 | ||
| 100 | 1 | _aSimm, E.I. | |
| 100 | 1 | _aVita, M. (eds.) | |
| 110 | 1 |
_aFederacao das Industrias do Estado do Rio Grande do Sul, Porto Alegre (Brasil); _94644 |
|
| 110 | 1 | _aCentro das Industrias do Estado do Rio Grande do Sul, Porto Alegre (Brasil); | |
| 110 | 1 | _aAssociacao Brasileira das Industrias da Alimentacao, Sao Paulo, SP (Brasil) | |
| 111 | 1 |
_aEncontro Nacional das Industrias de Alimentacao e Bebidas _cPorto Alegre, RS (Brazil) _d27-29 Nov 1985 |
|
| 245 | 1 | _aEncontro Nacional das Industrias de Alimentacao e Bebidas. Tema 1: Perspectiva economica. Documento 3: Relacoes entre a agropecuaria e a industria | |
| 246 | 1 | _a[National Meeting of the Food and Drink Industries. Theme 1: Economic perspective. Document 3: Relationship between farming and industry] | |
| 260 | 3 |
_aPorto Alegre, RS (Brasil): _c1985. |
|
| 300 | _a31 p. | ||
| 650 | _aALIMENTO | ||
| 650 | _aINDUSTRIA ALIMENTICIA | ||
| 650 | _aINDUSTRIA AGRICOLA | ||
| 650 | _aHABITO ALIMENTAR | ||
| 650 | _aVALOR NUTRITIVO | ||
| 650 | _aCONSUMO | ||
| 909 |
_a202309 _bLucia _c55 _dLucia Elande |
||
| 942 | _cBK | ||
| 999 |
_c37881 _d37881 |
||